Stress : The Brain-Body Connection /

Uloženo v:
Podrobná bibliografie
Hlavní autor: Hellhammer, Dirk H. (ed.)
Další autoři: Hellhammer, Juliane (edición) (edición)
Médium: Kniha
Jazyk:angličtina
Vydáno: Basilea, Suiza : Karger, 2008, c2008
Edice:(Key Issues in Mental Health ; 174)
Témata:
Tagy: Přidat tag
Žádné tagy, Buďte první, kdo vytvoří štítek k tomuto záznamu!

MARC

LEADER 00000nam^a2200000^a^4500
001 000279166
005 20250521000000.0
009 20260310111427.272
020 |a 978-3-8055-8295-7 
037 |a Acervo ITESO - Biblioteca 
041 |a ING 
082 |a 616. 98  |b HEL 
100 |a Hellhammer, Dirk H.  |e (ed.) 
245 1 0 |a Stress :  |b The Brain-Body Connection /  |c Ed. de D.H. Hellhammer, J. Hellhammer. 
264 4 |a Basilea, Suiza :  |b Karger,  |c 2008, c2008 
300 |a VIII, 108 p. 
336 |a texto  |b txt  |2 rdacontenido 
337 |a sin mediación  |b n  |2 rdamedio 
338 |a volumen  |b nc  |2 rdasoporte 
440 1 |a (Key Issues in Mental Health ;  |v 174) 
649 |a XX 
650 |a Sistema Nervioso Simpático 
650 |a Estrés -  |x Tratamiento -  |x Tema Principal 
650 |a Cerebro -  |x Enfermedades 
650 |a Psicología Fisiológica -  |x Metodología 
650 |a Psicopatología -  |x Tratamiento -  |x Tema Principal 
650 |a Salud Mental 
650 |a Neuropsicología 
700 |a Hellhammer, Juliane  |e (edición) 
910 |a Fondo General 
920 |a Impresos - Libros 
930 |a Colección General 
905 |a 101 
901 |a 0500164271  |b IT1  |c ACC  |u 20250521 
902 |a https://opac.biblio.iteso.mx/vufind/Record/000279166